Bizcocho encuentra un amigo / (Record no. 18943)

MARC details
000 -LEADER
fixed length control field 01509cam a2200433Ia 4500
001 - CONTROL NUMBER
control field sjds370529
003 - CONTROL NUMBER IDENTIFIER
control field sjds
005 - DATE AND TIME OF LATEST TRANSACTION
control field 20200213210335.0
008 - FIXED-LENGTH DATA ELEMENTS--GENERAL INFORMATION
fixed length control field 071116t20082008nyua a 000 1 spa d
020 ## - INTERNATIONAL STANDARD BOOK NUMBER
International Standard Book Number 9780061435263 (pbk.)
020 ## - INTERNATIONAL STANDARD BOOK NUMBER
International Standard Book Number 0061435260 (pbk.)
035 ## - SYSTEM CONTROL NUMBER
System control number (OCoLC)181602391
040 ## - CATALOGING SOURCE
Original cataloging agency BTCTA
Transcribing agency BTCTA
Modifying agency BAKER
-- ON8
-- UtOrBLW
041 1# - LANGUAGE CODE
Language code of text/sound track or separate title spa
Language code of original eng
049 ## - LOCAL HOLDINGS (OCLC)
Holding library IFAA
099 ## - LOCAL FREE-TEXT CALL NUMBER (OCLC)
Classification number ESPANOL EASY READERS CAPUCILLI
100 1# - MAIN ENTRY--PERSONAL NAME
Personal name Capucilli, Alyssa Satin,
Dates associated with a name 1957-
Relator term author.
240 10 - UNIFORM TITLE
Uniform title <a href="Biscuit finds a friend.">Biscuit finds a friend.</a>
Language of a work Spanish
245 10 - TITLE STATEMENT
Title Bizcocho encuentra un amigo /
Statement of responsibility, etc. escriot por Alyssa Satin Capucilli ; ilustrado por Pat Schories ; traducido por Susana Pasternac.
260 ## - PUBLICATION, DISTRIBUTION, ETC. (IMPRINT)
Place of publication, distribution, etc. New York, NY :
Name of publisher, distributor, etc. Rayo,
Date of publication, distribution, etc. c2008
264 #1 - PRODUCTION, PUBLICATION, DISTRIBUTION, MANUFACTURE, AND COPYRIGHT NOTICE
Place of production, publication, distribution, manufacture New York, NY :
Name of producer, publisher, distributor, manufacturer Rayo,
Date of production, publication, distribution, manufacture, or copyright notice [2008]
264 #4 - PRODUCTION, PUBLICATION, DISTRIBUTION, MANUFACTURE, AND COPYRIGHT NOTICE
Date of production, publication, distribution, manufacture, or copyright notice c2008
300 ## - PHYSICAL DESCRIPTION
Extent 24 pages :
Other physical details color illustrations ;
Dimensions 24 cm.
336 ## - CONTENT TYPE
Content type term text
Content type code txt
Source rdacontent
337 ## - MEDIA TYPE
Media type term unmediated
Media type code n
Source rdamedia
338 ## - CARRIER TYPE
Carrier type term volume
Carrier type code nc
Source rdacarrier
490 0# - SERIES STATEMENT
Series statement Mi primer libro. Yo sé leer!
500 ## - GENERAL NOTE
General note "Lectura compartida"--Cover.
520 ## - SUMMARY, ETC.
Summary, etc. A puppy helps a little duck find its way home to the pond.
526 0# - STUDY PROGRAM INFORMATION NOTE
Program name Accelerated Reader
Interest level LG
Reading level 0.6
Title point value 0.5
Public note 43663SP
526 0# - STUDY PROGRAM INFORMATION NOTE
Program name Yo se leer
Reading level Mi primer libro
650 #0 - SUBJECT ADDED ENTRY--TOPICAL TERM
Topical term or geographic name as entry element Dogs
Form subdivision Juvenile fiction.
650 #0 - SUBJECT ADDED ENTRY--TOPICAL TERM
Topical term or geographic name as entry element Ducks
Form subdivision Juvenile fiction.
650 #7 - SUBJECT ADDED ENTRY--TOPICAL TERM
Topical term or geographic name as entry element Perros
Form subdivision Novela juvenil.
Source of heading or term bidex
650 #7 - SUBJECT ADDED ENTRY--TOPICAL TERM
Topical term or geographic name as entry element Patos
Form subdivision Novela juvenil.
Source of heading or term bidex
700 1# - ADDED ENTRY--PERSONAL NAME
Personal name Schories, Pat,
Relator term illustrator.
700 1# - ADDED ENTRY--PERSONAL NAME
Personal name Pasternac, Susana.
942 ## - ADDED ENTRY ELEMENTS (KOHA)
Koha item type Libro/Book
Source of classification or shelving scheme Dewey Decimal Classification
Holdings
Withdrawn status Lost status Damaged status Not for loan Home library Current library Date acquired Total Checkouts Barcode Date last seen Price effective from Koha item type
        Genizero -- Satellite Genizero -- Satellite 16/10/2017   35601568 16/10/2017 16/10/2017 Libro/Book

Powered by Koha